000 01757nam a2200409 c 4500
003 BLK
005 20180422103738.0
008 180408b bul|||||r ||||||| ||bul||
010 _aKNG00083071000
020 _a978-954-528-715-2
_bиздат.: Труд
040 _aBLK
041 _aBUL
_cBUL
080 _aИстория на Рим (до 476 г. н. е.). Древен Рим
_b94(37)
_x
_z94(37)
080 _aГладиатор, който оглавява най-голямото робско въстание срещу Рим
_b929 Спартак
_x
_z929 Спартак
100 1 _aШоун, Роб
_eпърви автор
_9144082
700 1 _aГанери, Анита
_eсъавт.
_951038
700 1 _aСпендер, Ник
_eил.
_9122657
700 1 _aРайчинов, Владимир Николаев
_eпрев. от англ.
_9368024
139 _aШоун, Роб и др.
_bС 55
245 1 0 _aСпартак
_bИсторията на един римски гладиатор
_cРоб Шоун; съавт. Анита Ганери; ил. Ник Спендер; прев. от англ. Владимир Николаев Райчинов.
257 _aUSA
260 София
_bТруд
_c2007
_fСофия : Д. Благоев
300 _a48 с.
_bс цв. ил.
_c24 см
380 _a9
500 _aБез сведение за ориг. загл. - Речник
600 1 4 _aСпартак
_9297542
650 4 _aДревен Рим - история
_9249436
653 _aистория
653 _aДревен Рим
653 _aгладиатори
653 _aСпартак
852 _aЦб 239529
856 4 _qpdf
_u
856 4 _qpdf
_u
942 _cKNG
_n0
944 _aCR
_c11.04.2008
_kГеновева_Генчева
944 _aED
_c10.06.2008
_k
999 _c78605
_d78605